Normal view
MARC view
- Mehreen ,Mehwish
Entry Personal Name
001 - CONTROL NUMBER
- control field: 125620
003 - CONTROL NUMBER IDENTIFIER
- control field: NUST
005 - DATE AND TIME OF LATEST TRANSACTION
- control field: 20240903122603.0
008 - FIXED-LENGTH DATA ELEMENTS
- fixed length control field: 240903|| aca||aabn | a|a d
040 ## - CATALOGING SOURCE
- Original cataloging agency: NUST
- Transcribing agency: NUST
100 ## - HEADING--PERSONAL NAME
- Personal name: Mehreen ,Mehwish
670 ## - SOURCE DATA FOUND
- Source citation: Work cat.: (NUST): Mehreen ,Mehwish, Investigating the Neuroprotective Effects of Chenodeoxycholic Acid in MPTP-induced Parkinson’s disease in BALB/c mice /
